Największe miasta Ameryki Południowej - Statystyki

Ogólne statystyki
  • Ten quiz został rozwiązany 284 razy
  • Średni wynik to 6 z 10
Statystyki odpowiedzi
lp. Populacja Miasto % Poprawnych
8 2 890 151 Buenos Aires
94%
4 6 498 837 Rio de Janeiro
89%
3 7 387 400 Bogota
88%
1 12 106 920 São Paulo
84%
5 5 428 590 Santiago
82%
2 8 258 847 Lima
81%
6 3 039 444 Brasília
78%
10 2 627 480 Fortaleza
17%
7 2 902 927 Salvador
15%
9 2 634 251 Maracaibo
4%
Nie znaleziono quizów pasujących do podanych kryteriów
Rozkład punktacji
Procent ludzi z każdym wynikiem
Percentyl według liczby udzielonych odpowiedzi
Twoja historia wyników
Nie rozwiązałeś tego quizu